| 000 | 00803nam a22002057a 4500 | ||
|---|---|---|---|
| 003 | OSt | ||
| 005 | 20260310031159.0 | ||
| 008 | 260310b |||||||| |||| 00| 0 eng d | ||
| 020 | _a978-0-448-09509-7 | ||
| 040 |
_aDWCL GS lib _cOC |
||
| 082 | _2 K26s 1996 | ||
| 100 | _aCAROLYN KEENE | ||
| 245 |
_aThe sign of the twisted candles _cCAROLYN KEENE |
||
| 300 |
_avii, 176 pages: _billustrations _c19 cm. |
||
| 520 | _aThe Sign of the Twisted Candles is a mystery novel from the Nancy Drew Mystery Stories, written under the pseudonym Carolyn Keene. It follows Nancy Drew as she solves a puzzling case involving a hidden inheritance. | ||
| 546 | _aEnglish | ||
| 650 | _2Courage and Determination, Responsibility and Duty | ||
| 650 | _2Helping Others and Compassion | ||
| 942 |
_2ddc _cFIC. _hFic. _n0 |
||
| 999 |
_c8831 _d8831 |
||